गिर्राज प्रसाद (Record no. 8084)

MARC details
000 -LEADER
fixed length control field 01744 a2200289 4500
005 - DATE AND TIME OF LATEST TRANSACTION
control field 2008091103073.0
008 - FIXED-LENGTH DATA ELEMENTS--GENERAL INFORMATION
fixed length control field 080911t xxu||||| |||| 00| 0 hin d
010 ## - LCCN (DPL NO)
LC control number HIN-81290 B-281326
020 ## - INTERNATIONAL STANDARD BOOK NUMBER
Terms of availability 200.00
International Standard Book Number 8181970217
035 ## - SYSTEM CONTROL NUMBER
System control number HN-53636 B-281326
037 ## - SOURCE OF ACQUISITION
Source of stock number/acquisition D.B.Act / ven
082 ## - DEWEY DECIMAL CLASSIFICATION NUMBER
Classification number 822.08
100 ## - MAIN ENTRY--PERSONAL NAME
Personal name नागर, शरद
245 ## - TITLE STATEMENT
Title गिर्राज प्रसाद
Statement of responsibility, etc शरद नागर
246 ## - VARYING FORM OF TITLE
Title proper/short title Girraj Prasad
Remainder of title by Sharad Nagar
260 ## - PUBLICATION, DISTRIBUTION, ETC. (IMPRINT)
Place of publication, distribution, etc नई दिल्ली
Name of publisher, distributor, etc राष्ट्रीय नाट्य विद्यालय
Date of publication, distribution, etc 2006
260 ## - PUBLICATION, DISTRIBUTION, ETC. (IMPRINT)
Place of publication, distribution, etc नई दिल्ली
Name of publisher, distributor, etc राजकमल प्रकाशन(वितरक)
270 ## - ADDRESS
Address बहावलपुर हाउस
City नई दिल्ली
Postal code 110001
270 ## - ADDRESS
Address 1-बी, नेताजी सुभाष मार्ग, दरियागंज
300 ## - PHYSICAL DESCRIPTION
Extent 184पृ
Dimensions 22 सेमी (सजिल्द)
650 ## - SUBJECT ADDED ENTRY--TOPICAL TERM
Topical term or geographic name as entry element हिन्दी नाटक
650 ## - SUBJECT ADDED ENTRY--TOPICAL TERM
Topical term or geographic name as entry element Hindi Play
942 ## - ADDED ENTRY ELEMENTS (KOHA)
Institution code [OBSOLETE] dpl
Item type Hindi Books
Call number prefix 822.08 / नागर
Source of classification or shelving scheme Dewey Decimal Classification
Classification part 822.08
Call number suffix नागर
Holdings
Withdrawn status Lost status Source of classification or shelving scheme Damaged status Not for loan Home library Current library Date acquired Cost, normal purchase price Total Checkouts Full call number Barcode Date last seen Copy number Cost, replacement price Koha item type Collection code Source of acquisition
    Dewey Decimal Classification     D.B.Act.Division D.B.Act.Division 22/09/2008 200.00   822.08 नागर HN-53636 15/09/2008 1 200.00 Hindi Books    
    Dewey Decimal Classification     Vinoba Puri Vinoba Puri 27/09/2008 200.00   822.08 नागर B-281326 27/09/2008 1 200.00 Hindi Books Non-fiction राजकमल प्रकाशन./BL1154/21.7.08 /133:15.9.08/24.7.08

© Delhi Public Library
Hit Counter
free hit counter